| 000 | 00417cam a22001217a 4500 | ||
|---|---|---|---|
| 008 | 180718b1985 xxu||||| |||| 00| 0 eng d | ||
| 082 | _aF5x5471/W524 | ||
| 100 | _aWestergaard, Kirsten | ||
| 245 |
_aState and rural society in Bangladesh : astudy in relationship _cby Kirsten Wsetergaard |
||
| 260 |
_aLondon _bCurzon Press _c1985 |
||
| 300 | _a190+p. | ||
| 440 | _aScandinavian Institute of Asian Studies Monograph Series | ||
| 999 |
_c427958 _d427958 |
||